Kitabiat Pakistani adab / (Record no. 526860)

000 -LEADER
fixed length control field 00469nam a22001697a 4500
003 - CONTROL NUMBER IDENTIFIER
control field NUST
038 ## - RECORD CONTENT LICENSOR
Staff Name waseem
082 ## - DEWEY DECIMAL CLASSIFICATION NUMBER
Classification number 016.89143
Author Mark DUR
100 ## - MAIN ENTRY--PERSONAL NAME
Personal name Durani, Saeeda
9 (RLIN) 14449
245 ## - TITLE STATEMENT
Title Kitabiat Pakistani adab /
Statement of responsibility, etc. Saeeda Durani
260 ## - PUBLICATION, DISTRIBUTION, ETC.
Place of publication, distribution, etc. Pakistan :
Name of publisher, distributor, etc. Akadmi Adbiat,
Date of publication, distribution, etc. 2001.
300 ## - PHYSICAL DESCRIPTION
Extent 420 p. ;
500 ## - GENERAL NOTE
General note Papercover.
880 ## - ALTERNATE GRAPHIC REPRESENTATION
Linkage 100-01\r
Title سعیدہ دُرّانی
880 ## - ALTERNATE GRAPHIC REPRESENTATION
Linkage 245-02\r
Title کتابیات پاکستانی ادب /
942 ## - ADDED ENTRY ELEMENTS (KOHA)
Source of classification or shelving scheme
Koha item type Book
Holdings
Withdrawn status Lost status Source of classification or shelving scheme Damaged status Not for loan Permanent Location Current Location Date acquired Total Checkouts Full call number Barcode Date last seen Price effective from Koha item type Shelving location
          Central Library (CL) Central Library (CL) 07/17/2019   016.89143 DUR CL-E-1310 07/17/2019 07/17/2019 Book  
          Central Library (CL) Central Library (CL) 07/17/2019   016.89143 DUR CL-E-1309 07/17/2019 07/17/2019 Book Punjabi Literature
© 2023 Central Library, National University of Sciences and Technology. All Rights Reserved.